| 000 | 00338nam a22001337a 4500 | ||
|---|---|---|---|
| 008 | 180921b xxu||||| |||| 00| 0 eng d | ||
| 020 | _a9780781741309 | ||
| 041 | _aeng | ||
| 080 |
_24 ED _a610 |
||
| 100 | _a3 | ||
| 101 | _aSHM | ||
| 245 |
_aPhysical Medicine Rehabilititation Principles And Practice _cDelisa.J.A |
||
| 942 |
_2udc _cBK |
||
| 999 |
_c48194 _d48194 |
||